Sub-contract formula rules dated 3rd May, 1975 applicable to clause 23F of the Form of Sub-Contract, 1963... and clause 25F of the Form of Sub-Contract 1971 (Record no. 86383)

MARC details
000 -LEADER
fixed length control field 00708cam a2200193 4500
001 - CONTROL NUMBER
control field D7391
008 - FIXED-LENGTH DATA ELEMENTS--GENERAL INFORMATION
fixed length control field 090401t1975 xxu||||| |||| 00| 0 eng d
035 ## - SYSTEM CONTROL NUMBER
System control number (Sirsi) u7033
041 ## - LANGUAGE CODE
Language code of text/sound track or separate title eng
050 ## - LIBRARY OF CONGRESS CALL NUMBER
Classification number 692.8
110 ## - MAIN ENTRY--CORPORATE NAME
Corporate name or jurisdiction name as entry element National Federation of Building Trades Employers
9 (RLIN) 1526
245 ## - TITLE STATEMENT
Title Sub-contract formula rules dated 3rd May, 1975 applicable to clause 23F of the Form of Sub-Contract, 1963... and clause 25F of the Form of Sub-Contract 1971
260 ## - PUBLICATION, DISTRIBUTION, ETC.
Place of publication, distribution, etc. London
Name of publisher, distributor, etc. NFBTE
Date of publication, distribution, etc. 1975
300 ## - PHYSICAL DESCRIPTION
Extent 12. 12p. 30cm
350 ## - PRICE (NR) (BK AM CF MU VM SE) [OBSOLETE]
Price 1.5
520 ## - SUMMARY, ETC.
Summary, etc. derived from "Price adjustment formulae for building contracts - a guide to the practical application of the formulae"
942 ## - ADDED ENTRY ELEMENTS (KOHA)
Suppress in OPAC 0
948 ## - LOCAL PROCESSING INFORMATION (OCLC); SERIES PART DESIGNATOR (RLIN)
c (OCLC) 04/03/1997
Holdings
Withdrawn status Lost status Source of classification or shelving scheme Damaged status Not for loan Home library Current library Shelving location Date acquired Cost, normal purchase price Total Checkouts Full call number Barcode Date last seen Copy number Cost, replacement price Price effective from Koha item type
    Dewey Decimal Classification     London London Basement 14/09/1999 1.50   BASEMENT 30004639 06/08/2019 1 1.50 06/08/2019 Book